000 00499nam a22001817a 4500
999 _c4213
_d4213
003 GBCCL
005 20241126110513.0
008 180116b xxu||||| |||| 00| 0 eng d
020 _a1852401869
040 _cgbc
082 _a248.32
_bSAM
100 _aSampson, Steve
_97849
245 _aDon't talk to me now, Lord...:
_b I'm trying to Pray /
_cSteve Sampson
260 _bSovereign World,
_aEngland:
_c1996
300 _a95 p.;
_c21 cm.
650 _aPrayer
_vChristian life
_98727
942 _2ddc
_cBK